000 00338nam a22001457a 4500
003 MACL
005 20171102124719.0
008 171102b xxu||||| |||| 00| 0 eng d
040 _cMACL
100 _aArora, Manish
_969358
245 _aCareer in Law
260 _aHaryana
_bLexisNexis
_c2016
650 _aLaw
_969359
942 _2ddc
_cBK
999 _c57114
_d57114